Every Subnautica Item - Statistics

General Stats
  • This quiz has been taken 112 times
    60 since last reset
  • The average score is 43 of 193
Answer Stats
Hint Answer % Correct
T Titanium
69%
P Peeper
60%
G Gold
54%
H Habitat Builder
54%
C Copper Ore
52%
S Seaglide
52%
S Stalker
52%
L Lithium
50%
B Battery
48%
D Diamond
48%
R Ruby
48%
C Cuddlefish
46%
B Bladderfish
44%
K Kyanite
44%
P Power Cell
44%
S Stasis Rifle
44%
I Ion Cube
42%
S Silver Ore
42%
S Survival Knife
42%
A Acid Mushroom
40%
B Boomerang
40%
I Ion Battery
40%
I Ion Power Cell
40%
L Lead
40%
R Repair Tool
40%
C Cuddlefish Egg
38%
F Fins
38%
R Repulsion Cannon
38%
G Glass
37%
M Metal Salvage
37%
P Propulsion Cannon
37%
T Titanium Ingot
37%
C Crashfish
35%
N Nickel Ore
35%
O Oculus
35%
S Stalker Egg
35%
W Wiring Kit
35%
B Boneshark
33%
C Creepvine Sample
33%
G Gel Sack
33%
M Mobile Vehicle Bay
33%
O Orange Tablet
33%
P Purple Tablet
33%
Q Quartz
33%
A Advanced Wiring Kit
31%
B Blood oil
31%
B Blue Tablet
31%
C Copper Wire
31%
C Crabsnake
31%
C Creepvine Seed Cluster
31%
F Filtered water
31%
M Magmarang
31%
R Radiation Suit
31%
U Ultra Glide Fins
31%
A Ampeel
29%
C Crabsquid
29%
C Crashfish Egg
29%
E Eyeye
29%
F Fiber Mesh
29%
G Garryfish
29%
H Hoverfish
29%
M Magnetite
29%
S Spadefish
29%
S Swim Charge Fins
29%
A Aerogel
27%
B Boneshark Egg
27%
C Chinese Potato
27%
C Computer Chip
27%
H Hatching Enzyme
27%
L Laser Cutter
27%
P Plasteel Ingot
27%
P Prawn Suit Drill Arm
27%
S Spinefish
27%
S Stalker Teeth
27%
C Crabsquid Egg
25%
E Enameled Glass
25%
N Nutrient Block
25%
S Sand Shark
25%
S Seamoth Depth Module MK1
25%
S Seamoth Depth Module MK2
25%
T Thermoblade
25%
B Benzene
23%
C Crabsnake Egg
23%
C Crystalline Sulfur
23%
C Cyclops Depth Module MK1
23%
C Cyclops Depth Module MK2
23%
C Cyclops Depth Module MK3
23%
G Gasopod
23%
L Lantern Fruit
23%
P Prawn Suit Depth Module MK1
23%
P Prawn Suit Depth Module MK2
23%
R Reginald
23%
R Reinforced Dive Suit
23%
S Silicone Rubber
23%
T Table Coral Sample
23%
A Air Bladder
21%
A Ampeel Egg
21%
B Bleach
21%
C Cave Sulfur
21%
F Flare
21%
F Flashlight
21%
H Holefish
21%
H Hydrochloric Acid
21%
J Jellyray
21%
L Lubricant
21%
M Marblemelon
21%
R Rebreather
21%
R Red Eyeye
21%
S Salt Deposit
21%
S Seamoth Depth Module MK3
21%
S Storage Module
21%
F Fire Extinguisher
19%
F Floater
19%
G Gasopod Egg
19%
P Prawn Suit Grappling Arm
19%
S Sand Shark Egg
19%
H Hoopfish
17%
J Jellyray Egg
17%
M Mesmer
17%
M Mesmer Egg
17%
P Pathfinder Tool
17%
R Reactor Rod
17%
S Stillsuit
17%
U Uraninite Crystal
17%
C Creature Decoy
15%
H High Capacity O2 Tank
15%
L Lava Lizard
15%
L Lava Lizard Egg
15%
P Polyaniline
15%
S Spadefish Egg
15%
B Beacon
13%
C Compass
13%
C Cyclops Fire Suppression System
13%
C Cyclops Shield Generator
13%
G Grav Trap
13%
L Large Filtered Water
13%
P Pipes
13%
R Rabbit Ray
13%
S Seamoth Sonar
13%
C Cyclops Engine Efficiency Module
12%
E Engine Efficiency Module
12%
G Gas Torpedo
12%
P Prawn Suit Torpedo Arm
12%
R Rabbit Ray Egg
12%
S Seamoth Perimeter Defense System
12%
S Standard O2 Tank
12%
W Waterproof Locker
12%
A Alien Feces
10%
G Gas Pod
10%
H Hull Reinforcement
10%
K Keep Calm Poster
10%
P Prawn Suit Propulsion Cannon
10%
S Seamoth Solar Charger
10%
V Vortex Torpedo
10%
B Bulb Bush Sample
8%
D Disinfected Water
8%
F First Aid Kit
8%
P Prawn Suit Jump Jet Upgrade
8%
P Prawn Suit Thermal Reactor
8%
R Reclaimed Water
8%
R Reefback
8%
S Scanner Room HUD Chip
8%
A Arcade Gorge toy
6%
A Aurora Miniature
6%
A Aurora Poster
6%
B Blue Cap
6%
B Bulbo Tree Sample
6%
F Fungal Sample
6%
G Gray Cap
6%
L Lightweight High Capacity Tank
6%
P Pink Cap
6%
S Scanner Room Range Upgrade
6%
S Scanner Room Speed Upgrade
6%
U Ultra High Capacity Tank
6%
C Cyclops Decoy Tube Upgrade
4%
C Cyclops Docking Bay Repair Module
4%
C Cyclops Sonar Upgrade
4%
C Cyclops Thermal Reactor Module
4%
N Natural Selection 2 Poster
4%
S Speckled Rattler
4%
T Torpedo System
4%
A All-Environment Protection Suit
2%
C Camera Drone
2%
C Coffee Americano
2%
F Fluid Analyzer
2%
L Lab Container
2%
M Microscope
2%
P Prawn Suit Poster - Land
2%
P Prawn Suit Poster - Sea
2%
R Reefback Leviathan Egg
2%
S Sample Analyzer
2%
S Snacks
2%
T Toy Doll
2%
No matching quizzes found
Score Distribution
Percent of People with Each Score
Percentile by Number Answered
Your Score History
You have not taken this quiz since the last reset